| 000 | 00483nam a2200181 4500 | ||
|---|---|---|---|
| 001 | 13599 | ||
| 005 | 20230410102103.0 | ||
| 008 | 060907n2002 dr spa | ||
| 020 | _a999342336X | ||
| 035 | _9funglode13716 | ||
| 041 | _aEN | ||
| 050 | 1 | 4 | _a118 LA 505 S593h 2002 |
| 100 | _aSimó T., Dennis R. | ||
| 245 | 1 | 3 |
_aEl huracán de la ignorancia / _cDennis R. Simó T. |
| 260 |
_aSanto Domingo : _bUniversidad APEC, _c2002 |
||
| 300 | _a210 p. | ||
| 942 |
_2lcc _cbk |
||
| 999 |
_c18799 _d18799 |
||